Les mensonges conventionnels de notre civilisation / (Record no. 160760)

MARC details
000 -LEADER
campo de control de longitud fija 00779nam a2200217 i 4500
001 - NÚMERO DE CONTROL
campo de control 160760
003 - IDENTIFICADOR DE NÚMERO DE CONTROL
campo de control ES-MaACL
005 - FECHA Y HORA DE LA ÚLTIMA TRANSACCIÓN
campo de control 20250815005258.0
008 - DATOS DE LONGITUD FIJA--INFORMACIÓN GENERAL
campo de control de longitud fija 990512s1886 fr |||| | fre d
080 ## - NÚMERO DE LA CLASIFICACIÓN DECIMAL UNIVERSAL
Número de la Clasificación Decimal Universal 930.85(4)
080 ## - NÚMERO DE LA CLASIFICACIÓN DECIMAL UNIVERSAL
Número de la Clasificación Decimal Universal 308(4)
100 1# - ENTRADA PRINCIPAL--NOMBRE DE PERSONA
Nombre de persona Nordau, Max.
9 (RLIN) 85961
245 14 - MENCIÓN DEL TÍTULO
Título Les mensonges conventionnels de notre civilisation /
Mención de responsabilidad, etc. Max Nordau ; ouvrage traduit sur la douzième èdition allemande par Auguste Dietrich.
260 ## - PUBLICACIÓN, DISTRIBUCIÓN, ETC.
Lugar de publicación, distribución, etc. Paris :
Nombre del editor, distribuidor, etc. W. Hinrichsen,
Fecha de publicación, distribución, etc. 1886 (
Lugar de fabricación/manufactura Saint-Quentin :
Fabricante Imp. J. Moureau et fils)
300 ## - DESCRIPCIÓN FÍSICA
Extensión II, 398 p. ;
Dimensiones 23 cm.
650 04 - PUNTO DE ACCESO ADICIONAL DE MATERIA--TÉRMINO DE MATERIA
Término de materia o nombre geográfico como elemento de entrada Civilización-
Subdivisión general Historia
9 (RLIN) 11082
650 07 - PUNTO DE ACCESO ADICIONAL DE MATERIA--TÉRMINO DE MATERIA
Término de materia o nombre geográfico como elemento de entrada Historia social
Fuente del encabezamiento o término embne
9 (RLIN) 13428
700 1# - ENTRADA AGREGADA--NOMBRE PERSONAL
Nombre de persona Dietrich, Auguste.
9 (RLIN) 44621
852 ## - LOCALIZACIÓN
Ubicación ES-MaACL
Número de control de estantería E-13133
Nota libre - Enc. hol.
Holdings
Estatus retirado Estado de pérdida Estado de daño No para préstamo Colección Biblioteca de origen Biblioteca actual Ubicación en estantería Fecha de adquisición Total de préstamos Signatura topográfica completa Código de barras Visto por última vez Precio de reemplazo Tipo de ítem Koha
        Libros del s. XIX Biblioteca del Ateneo de Madrid Biblioteca del Ateneo de Madrid Depósito 2 17/01/2008   E-13133 1168346 23/02/2023 23/02/2023 Libro impreso antiguo